<?xml version="1.0" encoding="UTF-8"?>
<record
    xmlns:xsi="http://www.w3.org/2001/XMLSchema-instance"
    xsi:schemaLocation="http://www.loc.gov/MARC21/slim http://www.loc.gov/standards/marcxml/schema/MARC21slim.xsd"
    xmlns="http://www.loc.gov/MARC21/slim">

  <leader>02440nam a2200325uu 4500</leader>
  <controlfield tag="001">1575604</controlfield>
  <controlfield tag="005">20240129083205.0</controlfield>
  <controlfield tag="007">cr|||||||</controlfield>
  <controlfield tag="008">220901s2022                        spa  </controlfield>
  <datafield tag="035" ind1=" " ind2=" ">
    <subfield code="a">1575604</subfield>
  </datafield>
  <datafield tag="040" ind1=" " ind2=" ">
    <subfield code="c">comduadb</subfield>
  </datafield>
  <datafield tag="041" ind1=" " ind2=" ">
    <subfield code="a">spa</subfield>
  </datafield>
  <datafield tag="100" ind1="1" ind2="0">
    <subfield code="a">Penagos Avile, Kevin</subfield>
    <subfield code="4">aut</subfield>
    <subfield code="e">aut</subfield>
    <subfield code="9">811095</subfield>
  </datafield>
  <datafield tag="245" ind1="1" ind2="0">
    <subfield code="a">Feminicidio y mujer trans : las mujeres transg&#xE9;nero como sujeto de protecci&#xF3;n de la Ley 1761 de 2015 en Colombia</subfield>
  </datafield>
  <datafield tag="260" ind1=" " ind2=" ">
    <subfield code="a">Medell&#xED;n :</subfield>
    <subfield code="b">Autores (as),</subfield>
    <subfield code="c">2022.</subfield>
  </datafield>
  <datafield tag="300" ind1=" " ind2=" ">
    <subfield code="a">Archivo en Repositorio Institucional</subfield>
  </datafield>
  <datafield tag="520" ind1="3" ind2=" ">
    <subfield code="a">RESUMEN: Con la aprobaci&#xF3;n de la Ley 1761 de 2015, el legislador colombiano logr&#xF3; zanjar un intenso debate que se ven&#xED;a dando respecto a la protecci&#xF3;n de los derechos fundamentales de las mujeres frente a la violencia de g&#xE9;nero, al disponer que la muerte violenta de cualquiera de ellas por el hecho de ser mujer o por razones asociadas al g&#xE9;nero debe estar contemplada dentro de un tipo penal aut&#xF3;nomo Feminicidio que a su vez incluya circunstancias espec&#xED;ficas de agravaci&#xF3;n, as&#xED; como una carga punitiva diferenciada para sus autores. Es por lo anterior que se realiz&#xF3; una investigaci&#xF3;n documental que busca explicar el derecho a la identidad de g&#xE9;nero como un factor de igualdad jur&#xED;dica entre las mujeres transg&#xE9;nero y las dem&#xE1;s mujeres con relaci&#xF3;n al fin protector emanado de dicha Ley. Se toma como referencia conceptos estructurados y referidos tanto en fuentes legales y jurisprudenciales como doctrinales. Se concluye que, siendo la identidad de g&#xE9;nero un derecho reconocido en todos los niveles normativos aplicables en Colombia, las mujeres transg&#xE9;nero deber&#xED;an ser cubiertas por la ley sobre feminicidio cuando de las circunstancias en las que se haya producido su muerte pueda concluirse que existi&#xF3; una causa o motivaci&#xF3;n asociada con su identidad de g&#xE9;nero</subfield>
  </datafield>
  <datafield tag="650" ind1=" " ind2=" ">
    <subfield code="a">Ley 1761 de 2015</subfield>
    <subfield code="9">237469</subfield>
  </datafield>
  <datafield tag="650" ind1=" " ind2="7">
    <subfield code="a">Feminicidio</subfield>
    <subfield code="2">armarc</subfield>
    <subfield code="9">74179</subfield>
  </datafield>
  <datafield tag="650" ind1=" " ind2="7">
    <subfield code="a">Violencia de g&#xE9;nero</subfield>
    <subfield code="z">Colombia</subfield>
    <subfield code="2">dcs</subfield>
    <subfield code="9">96445</subfield>
  </datafield>
  <datafield tag="650" ind1=" " ind2=" ">
    <subfield code="a">Identidad de g&#xE9;nero - Aspectos sociales</subfield>
    <subfield code="9">227156</subfield>
  </datafield>
  <datafield tag="650" ind1=" " ind2=" ">
    <subfield code="a">Mujeres transg&#xE9;nero</subfield>
    <subfield code="9">232480</subfield>
  </datafield>
  <datafield tag="700" ind1="1" ind2="0">
    <subfield code="a">Quintero Misas, Raul Albeiro</subfield>
    <subfield code="4">aut</subfield>
    <subfield code="e">aut</subfield>
    <subfield code="9">811096</subfield>
  </datafield>
  <datafield tag="700" ind1="1" ind2="0">
    <subfield code="a">Mu&#xF1;et&#xF3;n Villegas, Juan Camilo</subfield>
    <subfield code="4">ths</subfield>
    <subfield code="e">ths</subfield>
    <subfield code="9">745784</subfield>
  </datafield>
  <datafield tag="700" ind1="1" ind2="0">
    <subfield code="a">Arias Holgu&#xED;n, Diana Patricia</subfield>
    <subfield code="4">ths</subfield>
    <subfield code="e">ths</subfield>
    <subfield code="9">384874</subfield>
  </datafield>
  <datafield tag="856" ind1="4" ind2=" ">
    <subfield code="u">https://bibliotecadigital.udea.edu.co/handle/10495/30687</subfield>
  </datafield>
  <datafield tag="942" ind1=" " ind2=" ">
    <subfield code="c">TESIS</subfield>
    <subfield code="n">0</subfield>
  </datafield>
  <datafield tag="999" ind1=" " ind2=" ">
    <subfield code="c">842923</subfield>
    <subfield code="d">842923</subfield>
  </datafield>
  <datafield tag="502" ind1=" " ind2=" ">
    <subfield code="b">133</subfield>
    <subfield code="c">14</subfield>
  </datafield>
  <datafield tag="526" ind1=" " ind2=" ">
    <subfield code="a">135</subfield>
  </datafield>
</record>
